Statistics for Biggest Metro Areas in Poland

Click here to take the quiz!

General Stats

  • This quiz has been taken 11 times
    (5 since last reset)
  • The average score is 18 of 25

Answer Stats

PopulationMetro Area% Correct
2,375,000Katowice
100%
1,394,000Kraków
100%
1,165,000Łódź
100%
451,000Lublin
100%
919,000Poznań
100%
1,098,000Tricity
100%
3,101,000Warsaw
100%
861,000Wrocław
100%
403,000Białystok
80%
721,000Bydgoszcz-Toruń
80%
153,000Gorzów
80%
319,000Kielce
80%
287,000Radom
80%
610,000Szczecin
80%
153,000Zielona Góra
80%
365,000Częstochowa
60%
222,000Olsztyn
60%
285,000Opole
60%
584,000Bielsko-Biała
40%
527,000Rybnik
40%
314,000Rzeszów
40%
269,000Tarnów
40%
152,000Koszalin
20%
162,000Płock
20%
248,000Wałbrzych
20%

Score Distribution

Percentile by Number Answered

Percent of People with Each Score

Your Score History

You have not taken this quiz since the last reset